Visualizzazione normale
Vista MARC
- Rossi G., Boccacin L., Matteini M., Stanziani S., Tamanza G., Kattau T., Bernardes J
di Personal Name
Records bibliografici associati: 1
001 - CONTROL NUMBER
- control field: 62564
003 - CONTROL NUMBER IDENTIFIER
- control field:
005 - DATE AND TIME OF LATEST TRANSACTION
- control field: 20250829191507.0
008 - FIXED-LENGTH DATA ELEMENTS
- fixed length control field: 250829|| aca||aabn | a|a d
040 ## - CATALOGING SOURCE
- Original cataloging agency:
- Transcribing agency:
100 ## - HEADING--PERSONAL NAME
- Personal name: Rossi G., Boccacin L., Matteini M., Stanziani S., Tamanza G., Kattau T., Bernardes J
670 ## - SOURCE DATA FOUND
- Source citation: Work cat.: ()208547: Donati Pierpaolo (et al.) 61345, Le associazioni familiari in Europa., 1994